000 00707nam a2200241Ia 4500
005 20250508165420.0
008 008 250505s9999 xx 000 0 eng d
020 _a9787-81-250-5501 3
037 _aTextBook
040 _aFEDL
_beng
_cFEDL
041 _aeng
_2eng
084 _a418.007 1, WRI/R
_qFEDL
100 _aWright Andrew
245 0 _aGames for language learning
250 _a3
260 _aDelhi, India
_bCambridge University Press
_c2006
300 _axiii, 193p.
365 _aINR
_b340
490 _aCambridge Handbooks for Language Teachers
700 _a Betteridge David Buckby Michael
_9780789
942 _cTB
_h418.007 1, WRI/R
999 _c1394991
_d1394991